000 00611nam a2200229Ia 4500
003 OSt
005 20221007063257.0
006 a|||||r|||| 00| 0
007 ta
008 221006b |||||||| |||| 00| 0 eng d
024 _a29,708
037 _cTextual
040 _aFLL
_cFLL
_beng
041 _2eng
_aeng
082 _aV2.N8, L6
100 _aPanandiker V.A. Pai
245 0 _aGovernmental systems and development
260 _aBombay
_bPopular Prakashan India
_c1976
300 _axiv,124p
_ccm.
942 _hV2.N8, L6
_cTEXL
_2CC
999 _c1130858
_d1130858